Derecho uniforme del transporte internacional: cuestiones de actualidad
Salvato in:
| Autore principale: | |
|---|---|
| Natura: | Libro |
| Lingua: | spagnolo |
| Pubblicazione: |
Madrid
McGraw Hill
1998
|
| Serie: | Ciencias Jurídicas
|
| Soggetti: | |
| Tags: |
Aggiungi Tag
Nessun Tag, puoi essere il primo ad aggiungerne!!
|
MARC
| LEADER | 00000nam a2200000 a 4500 | ||
|---|---|---|---|
| 001 | UCP4766 | ||
| 003 | CL-VaPUC | ||
| 008 | 990813e19980000SP |||||||||||||||||spa|d | ||
| 082 | 0 | 4 | |a 341.756 |b MAD |2 21 |
| 100 | |a Madrid Parra, Agustín |e autor |9 487492 | ||
| 245 | 1 | 0 | |a Derecho uniforme del transporte internacional: cuestiones de actualidad |
| 300 | |a 437 p | ||
| 942 | |c BK | ||
| 945 | |d 19990813 00:00:00 |a vberengu | ||
| 260 | |a Madrid |b McGraw Hill |c 1998 | ||
| 600 | 0 | 7 | |a CONVENIO NACIONES UNIDAS 1978 |2 CL-VaPUC |9 432635 |
| 650 | 7 | |a NAVES |2 CL-VaPUC |9 380983 | |
| 650 | 0 | |a Títulos de valores |9 386684 | |
| 650 | 0 | |a Transporte marítimo |9 260127 | |
| 650 | 0 | |a Transportes aéreos |9 260842 | |
| 583 | |a last modification |c 19990813 00:00:00 |k Rodrigo Vera | ||
| 490 | 0 | |a Ciencias Jurídicas | |
| 999 | |c 282664 |d 282662 | ||
| 952 | |0 0 |1 0 |4 0 |6 341_756000000000000_MAD_1998 |7 0 |8 A |9 324731 |a BIBDER |b BIBDER |d 2019-11-20 |i 3547094 |o 341.756 MAD 1998 |p 3547094 |r 2023-01-25 |w 2019-11-20 |y BK |k DER | ||